South Western Railway Stations - Statistics

General Stats
  • This quiz has been taken 40 times
  • The average score is 110 of 204
Answer Stats
County Station % Correct
Greater London Clapham Junction
95%
Greater London London Waterloo
95%
Surrey Woking
95%
Surrey Ash
90%
Surrey Guildford
90%
Berkshire Reading
90%
Hampshire Southampton Airport Parkway
90%
Greater London Surbiton
90%
Greater London Wimbledon
90%
Hampshire Basingstoke
86%
Dorset Bournemouth
86%
Devon Exeter St Davids
86%
Hampshire Havant
86%
Hampshire Portsmouth Harbour
86%
Hampshire Portsmouth & Southsea
86%
Greater London Vauxhall
86%
Dorset Weymouth
86%
Berkshire Ascot
81%
Greater London Earlsfield
81%
Surrey Epsom
81%
Greater London Hampton
81%
Greater London Hounslow
81%
Greater London Queenstown Road
81%
Greater London Raynes Park
81%
Greater London Richmond
81%
Hampshire Southampton Central
81%
Surrey Staines
81%
Greater London Strawberry Hill
81%
Surrey Weybridge
81%
Surrey Dorking
76%
Surrey Effingham Junction
76%
Surrey London Road (Guildford)
76%
Dorset Poole
76%
Wiltshire Salisbury
76%
Surrey Virginia Water
76%
Hampshire Andover
71%
Greater London Barnes
71%
Greater London Barnes Bridge
71%
Greater London Chessington North
71%
Greater London Chessington South
71%
Hampshire Farnborough
71%
Greater London Kingston
71%
Greater London New Malden
71%
Greater London Putney
71%
Surrey Thames Ditton
71%
Greater London Twickenham
71%
Berkshire Windsor & Eton Riverside
71%
Surrey Esher
67%
Devon Exeter Central
67%
Hampshire Fleet
67%
Hampshire Fratton
67%
Surrey Hampton Court
67%
Greater London Malden Manor
67%
Greater London Norbiton
67%
Hampshire Petersfield
67%
Isle of Wight Shanklin
67%
Surrey Shepperton
67%
Hampshire Winchester
67%
Berkshire Wokingham
67%
Hampshire Alton
62%
Greater London Brentford
62%
Hampshire Brockenhurst
62%
Greater London Chiswick
62%
Hampshire Eastleigh
62%
Surrey Ewell West
62%
Surrey Farnham
62%
Greater London Feltham
62%
Surrey Godalming
62%
Greater London Hampton Wick
62%
Surrey Haslemere
62%
Hampshire Hook
62%
Greater London Isleworth
62%
Greater London Motspur Park
62%
Isle of Wight Ryde Pier Head
62%
Isle of Wight Sandown
62%
Greater London Teddington
62%
Greater London Wandsworth Town
62%
Surrey West Byfleet
62%
Berkshire Winnersh
62%
Somerset Yeovil Junction
62%
Surrey Ashford
57%
Surrey Ashtead
57%
Greater London Berrylands
57%
Surrey Clandon
57%
Berkshire Datchet
57%
Surrey Hersham
57%
Surrey Kempton Park
57%
Surrey Leatherhead
57%
Greater London Mortlake
57%
Surrey Oxshott
57%
Hampshire Rowlands Castle
57%
Surrey Sunbury
57%
Greater London Syon Lane
57%
Dorset Upwey
57%
Surrey Walton-on-Thames
57%
Berkshire Winnersh Triangle
57%
Dorset Wool
57%
Hampshire Aldershot
52%
Hampshire Ashurst New Forest
52%
Surrey Box Hill & Westhumble
52%
Berkshire Bracknell
52%
Surrey Byfleet & New Haw
52%
Hampshire Chandler's Ford
52%
Surrey Cobham & Stoke d'Abernon
52%
Hampshire Fareham
52%
Dorset Gillingham
52%
Greater London Kew Bridge
52%
Hampshire Micheldever
52%
Greater London North Sheen
52%
Hampshire Romsey
52%
Berkshire Sunnymeads
52%
Hampshire Sway
52%
Greater London Tolworth
52%
Hampshire Totton
52%
Greater London Whitton
52%
Surrey Addlestone
48%
Surrey Brookwood
48%
Surrey Chertsey
48%
Surrey Claygate
48%
Dorset Dorchester South
48%
Berkshire Earley
48%
Devon Honiton
48%
Surrey Horsley
48%
Hampshire Lymington Town
48%
Isle of Wight Ryde Esplanade
48%
Hampshire St Denys
48%
Dorset Wareham
48%
Wiltshire Westbury
48%
Greater London Worcester Park
48%
Somerset Yeovil Pen Mill
48%
Devon Axminster
43%
Hampshire Botley
43%
Dorset Christchurch
43%
Wiltshire Dean
43%
Surrey Egham
43%
Greater London Fulwell
43%
Hampshire Hilsea
43%
Hampshire Liss
43%
Hampshire Lymington Pier
43%
Dorset Pokesdown
43%
Hampshire Portchester
43%
Surrey Stoneleigh
43%
Hampshire Swaythling
43%
Hampshire Whitchurch
43%
Surrey Ash Vale
38%
Hampshire Bedhampton
38%
Hampshire Bentley
38%
Surrey Bookham
38%
Surrey Camberley
38%
Somerset Castle Cary
38%
Hampshire Cosham
38%
Somerset Crewkerne
38%
Surrey Farncombe
38%
Somerset Frome
38%
Hampshire Hinton Admiral
38%
Hampshire Liphook
38%
Surrey Longcross
38%
Hampshire New Milton
38%
Hampshire Overton
38%
Hampshire Redbridge
38%
Dorset Sherborne
38%
Greater London St Margarets
38%
Berkshire Sunningdale
38%
Hampshire Swanwick
38%
Surrey Upper Halliford
38%
Surrey Worplesdon
38%
Berkshire Wraysbury
38%
Surrey Bagshot
33%
Hampshire Beaulieu Road
33%
Dorset Branksome
33%
Devon Feniton
33%
Hampshire Grateley
33%
Dorset Hamworthy
33%
Surrey Hinchley Wood
33%
Isle of Wight Lake
33%
Surrey Milford
33%
Isle of Wight Ryde St Johns Road
33%
Hampshire Shawford
33%
Somerset Templecombe
33%
Wiltshire Tisbury
33%
Hampshire Winchfield
33%
Isle of Wight Brading
29%
Hampshire Bursledon
29%
Devon Cranbrook
29%
Hampshire Hamble
29%
Hampshire Hedge End
29%
Dorset Holton Heath
29%
Berkshire Martins Heron
29%
Hampshire Millbrook
29%
Dorset Moreton
29%
Hampshire Netley
29%
Dorset Parkstone
29%
Devon Pinhoe
29%
Surrey Wanborough
29%
Wiltshire Warminster
29%
Surrey Frimley
24%
Isle of Wight Smallbrook Junction
24%
Devon Whimple
24%
Surrey Witley
24%
Hampshire Woolston
24%
Somerset Bruton
19%
Hampshire Mottisfont & Dunbridge
19%
Hampshire Bitterne
10%
Hampshire Sholing
10%
No matching quizzes found
Score Distribution
Percent of People with Each Score
Percentile by Number Answered
Your Score History
You have not taken this quiz